00832nam a2200205Ia 4500003000900000008004100009040001600050080002200066111008300088245024500171260005500416300001300471650001600484650002100500650002100521650001500542700002200557700002300579700002400602IN-BaIIA211028s9999 xx 000 0 eng d cIIA Library a524.8(082.2)bTHE aSpace Telescope Science Institute SymposiumcBaltimore, Marylandd1999 May 3-6 4aThe Greatest explosions since the big bangbsupernovae and gamma-ray bursts; poster papers from the Space Telescope Science Institute symposium held in Baltimore, Maryland, May 3-6, 1999cedited by Mario Livio, Nino Panagia and Kaliash Sahu aBaltimorebSpace Telescope Science Institutec1999 aiv, 79p. aBlack holes aGamma ray bursts aP-cygni profiles aSupernovae aLivio, Mario, ed. aPanagia, Nino, ed. aSahu, Kailash., ed.